Stratford City (Record no. 74068)
[ view plain ]
| 000 -LEADER | |
|---|---|
| fixed length control field | 01153cab a2200229 4500 |
| 001 - CONTROL NUMBER | |
| control field | ABS67461 |
| 008 - FIXED-LENGTH DATA ELEMENTS--GENERAL INFORMATION | |
| fixed length control field | 040123n2004 000 0 eng u |
| 035 ## - SYSTEM CONTROL NUMBER | |
| System control number | (Sirsi) u124900 |
| 100 ## - MAIN ENTRY--PERSONAL NAME | |
| Personal name | Jordan, S. |
| 245 ## - TITLE STATEMENT | |
| Title | Stratford City |
| 260 ## - PUBLICATION, DISTRIBUTION, ETC. | |
| Date of publication, distribution, etc. | 2004 |
| 490 ## - SERIES STATEMENT | |
| Series statement | Planning in London |
| Volume/sequential designation | (48) January 2004, 17-21(5) |
| 520 ## - SUMMARY, ETC. | |
| Summary, etc. | Article one reports on the progress of the Channel Tunnel Rail Link (CTRL) focusing on Stratford International, one of the new intermediary CTRL stations and the Design Strategy for Stratford City a mixed use urban development scheme which is planned around CTRL and adjacent to Stratford town centre. Article two includes a report of research undertaken by Fiona Scott as a part time research associate at the Helen Hamlyn Research Centre entitled "InterchangeABLE" which investigated socially-inclusive design principles for urban interchanges focusing on Stratford as a transport interchange. |
| 590 ## - LOCAL NOTE (RLIN) | |
| Local note | ABS |
| 650 ## - SUBJECT ADDED ENTRY--TOPICAL TERM | |
| Topical term or geographic name entry element | TRANSPORT INTERCHANGE |
| 650 ## - SUBJECT ADDED ENTRY--TOPICAL TERM | |
| Topical term or geographic name entry element | STRATFORD |
| 650 ## - SUBJECT ADDED ENTRY--TOPICAL TERM | |
| Topical term or geographic name entry element | CHANNEL TUNNEL RAIL LINK |
| 650 ## - SUBJECT ADDED ENTRY--TOPICAL TERM | |
| Topical term or geographic name entry element | MIXED-USE DEVELOPMENTS |
| 690 ## - LOCAL SUBJECT ADDED ENTRY--TOPICAL TERM (OCLC, RLIN) | |
| Topical term or geographic name as entry element | REGENERATION |
| 700 ## - ADDED ENTRY--PERSONAL NAME | |
| Personal name | Scott, F. |
| 942 ## - ADDED ENTRY ELEMENTS (KOHA) | |
| Suppress in OPAC | 0 |
| Withdrawn status | Lost status | Source of classification or shelving scheme | Damaged status | Not for loan | Home library | Current library | Shelving location | Date acquired | Total Checkouts | Full call number | Barcode | Date last seen | Copy number | Price effective from | Koha item type |
|---|---|---|---|---|---|---|---|---|---|---|---|---|---|---|---|
| Dewey Decimal Classification | London | London | Journal article | 23/01/2004 | ABS67461 | 124900-1001 | 06/08/2019 | 1 | 06/08/2019 | Journal article |